01085nam a2200193 4500003000800000005001700008008004100025040002600066041000800092100002800100245031500128260004300443300001800486502014900504504005100653650007200704650003400776830008100810DO-SdUA20250325144633.0 s2020 dr a|| |||| 0 |a||0|spa d aDO-SdUAbspacDO-SdUA0 aspa1 aAbreu Castillo, Carlos 10aRelación entre nivel socioeconómico de la familia y su incidencia en el rendimiento educativo en el área de educación física de los estudiantes de 3er grado del primer ciclo del nivel secundario, Liceos de la zona norte, Municipio de Juan de Herrera, año escolar 2017-2018 /cCarlos Abreu Castillo. aSan Juan de la Maguana :bUASD,c2020. a102 h. :bil. aTesis y trabajo de grado (Maestría en Educación Física y Deporte)--Universidad Autónoma de Santo Domingo, San Juan de la Maguana, 2020.. aIncluye referencias bibliográficas y anexos. 72lembaAsociaciones de padres y maestrosxAspectos socioeconómicos 72lembaRendimiento académico aTesis y disertaciones académicas (Universidad Autónoma de Santo Domingo)